000 00455nam a2200169Ia 4500
008 090711s9999 xx 000 0 und d
082 _b49364
100 _aलागू िSतांामणी
245 _aकोहरा
260 _c1984
300 _a192
600 _aलागू िSतांामणी
630 _aकोहरा
700 _aलागू िSतांामणी
730 _aकोहरा
942 _cBOOK
999 _c301215
_d301215